Giải pháp ứng phó cho các doanh nghiệp xuất khẩu cá tra ở ĐBSCL dưới tác động bởi các lần xem xét hành chính chống bán phá giá của bộ thương mại Hoa Kỳ : Luận văn Thạc sĩ Kinh tế. Chuyên ngành Quản trị kinh doanh

Phân tích thực trạng tác động của các lần xem xét hành chính chống bán phá giá do bộ thương mại Hoa Kỳ tiến hành, các giải pháp ứng phó của các doanh nghiệp xuất khẩu cá tra tại ĐBSCL.

Сохранить в:
Библиографические подробности
Главный автор: Nguyễn, Duy Tân
Формат:
Язык:Undetermined
Опубликовано: Cần Thơ Trường Đại học Cần Thơ 2017
Предметы:
Метки: Добавить метку
Нет меток, Требуется 1-ая метка записи!
Thư viện lưu trữ: Trung tâm Học liệu Trường Đại học Cần Thơ
LEADER 01201nam a2200205Ia 4500
001 CTU_224159
008 210402s9999 xx 000 0 und d
082 |a 658.02 
082 |b T121 
088 |a 60340102 
100 |a Nguyễn, Duy Tân 
245 0 |a Giải pháp ứng phó cho các doanh nghiệp xuất khẩu cá tra ở ĐBSCL dưới tác động bởi các lần xem xét hành chính chống bán phá giá của bộ thương mại Hoa Kỳ : 
245 0 |b Luận văn Thạc sĩ Kinh tế. Chuyên ngành Quản trị kinh doanh 
245 0 |c Nguyễn Duy Tân ; Võ Hùng Dũng (Cán bộ hướng dẫn) 
260 |a Cần Thơ 
260 |b Trường Đại học Cần Thơ 
260 |c 2017 
520 |a Phân tích thực trạng tác động của các lần xem xét hành chính chống bán phá giá do bộ thương mại Hoa Kỳ tiến hành, các giải pháp ứng phó của các doanh nghiệp xuất khẩu cá tra tại ĐBSCL. 
650 |a Hoạt động kinh doanh,Business enterprises 
980 |a Trung tâm Học liệu Trường Đại học Cần Thơ